000 01849nam0a2200373 4500
001 RU\NLR\bibl\254034
005 20260407094018.0
010 _a5-87847-142-6
_9300
021 _aRU
_b2001-48746
_92350
035 _a(NLR Aleph) 000249819
090 _a1457491
_c1457491
100 _a20020204d2001 |||y0rusy50 ca
101 0 _arus
102 _aRU
105 _aa |||||||||
200 1 _aТенденции развития современной школы: Культура. Общество. Молодежь
_e[Сб. науч.-метод. ст.]
_fНовосиб. ин-т повышения квалификации и переподгот. работников образования
_g[Редкол.: чл.-корр. РАО, д.пед.н., проф. В. Я. Синенко и др.]
210 _aНовосибирск
_cИзд-во НИПКИПРО
_d2001
215 _a202 с.
_cил.
_d21
320 _aБиблиогр. в конце ст.
606 0 _aШкола
_jСборники
_yРоссийская Федерация
_91935340
_3RU\NLR\auth\66883988
606 1 _aШколы
_jСборники
_yРоссийская Федерация
_92213614
_3RU\NLR\auth\661329654
606 0 _aУчебно-воспитательная работа в школе
675 _a37.014(082)
_v3
_zrus
686 _a14
_2rugasnti
686 _a74.03
_2rubbk
686 _aЧ424(2Р)я43
702 1 _aСиненко
_bВ. Я.
_gВасилий Яковлевич
_4340
712 0 2 _4570
_aНовосибирский институт повышения квалификации и переподготовки работников образования
_3RU\NLR\AUTH\889917764
_9331668
801 0 _aRU
_bRKP
_c20020204
_gPSBO
801 1 _aRU
_bRKP
_c20020204
801 2 _aRU
_bNLR
_c20110909
_grcr
942 _cBOOK
980 _aNB